ბათუმის შოთა რუსთაველის სახელმწიფო უნივერსიტეტის ბიბლიოთეკა

უნგრეთის მიწაზე:დოკუმენტური მოთხრობები (ბიბ.ჩანაწერი № 43556)

000 -LEADER
fixed length control field 00965nam a2200229Ia 4500
001 - CONTROL NUMBER
control field 10288
003 - CONTROL NUMBER IDENTIFIER
control field GE_BSU
008 - FIXED-LENGTH DATA ELEMENTS--GENERAL INFORMATION
fixed length control field 181216s||||||||xx |||||||||||||| ||und||
040 ## - CATALOGING SOURCE
Transcribing agency GE_BSU
080 ## - UNIVERSAL DECIMAL CLASSIFICATION NUMBER
Universal Decimal Classification number 908(439)+821.353.1-4+94(47+57)
100 ## - MAIN ENTRY--PERSONAL NAME
Personal name სიხარულიძე,ვახტანგ
245 ## - TITLE STATEMENT
Title უნგრეთის მიწაზე:დოკუმენტური მოთხრობები
245 ## - TITLE STATEMENT
Remainder of title [მეორე მსოფლიო ომი]
245 ## - TITLE STATEMENT
Statement of responsibility, etc. რედ.ე.მესხი.მხატვ.გ.ავსაჯანიშვილი
260 ## - PUBLICATION, DISTRIBUTION, ETC.
Place of publication, distribution, etc. თბილისი
260 ## - PUBLICATION, DISTRIBUTION, ETC.
Name of publisher, distributor, etc. საბჭოთა საქართველო
260 ## - PUBLICATION, DISTRIBUTION, ETC.
Date of publication, distribution, etc. 1975
300 ## - PHYSICAL DESCRIPTION
Extent 267გვ.8ფ.ილ.20სმ.
653 ## - INDEX TERM--UNCONTROLLED
Uncontrolled term მეორე მსოფლიო ომი
653 ## - INDEX TERM--UNCONTROLLED
Uncontrolled term უნგრეთის მიწაზე:დოკუმენტური მოთხრობები
942 ## - ADDED ENTRY ELEMENTS (KOHA)
Koha item type წიგნი
ეგზემპლარები
Withdrawn status Lost status Damaged status Not for loan Date acquired Barcode Date last seen Price effective from Koha item type
        2018-12-17 33674 2018-12-17 2018-12-17 წიგნი
        2018-12-17 33675 2018-12-17 2018-12-17 წიგნი